Εφαρμογές τουριστικού & ταξιδιωτικού μάρκετινγκ

Αποθηκεύτηκε σε:
Λεπτομέρειες βιβλιογραφικής εγγραφής
Άλλοι συγγραφείς: Morrison, Alastair M. (Επιμελητής έκδοσης), Ρεκούδης, Στέργιος (Μεταφραστής)
Μορφή: Βιβλίο
Γλώσσα:Greek
Δημοσίευση: Αθήνα : Έλλην, c2001
Έκδοση:2η έκδ.
Σειρά:Τουριστικό και ταξιδιωτικό μάρκετινγκ ; ; 3
Θέματα:
Ετικέτες: Προσθήκη ετικέτας
Δεν υπάρχουν, Καταχωρήστε ετικέτα πρώτοι!

MARC

LEADER 00000cam a2200000 i 4500
001 1/50274
008 040308s2001 gre d
020 |a 960-286-589-X 
035 |l 10072554 
040 |a GR-MY-UA  |b gre  |e aacr 
041 0 |a gre 
082 0 |a 647.940688 
100 1 |a Morrison, Alastair M.  |4 edt 
245 1 0 |a Εφαρμογές τουριστικού & ταξιδιωτικού μάρκετινγκ /  |c Alastair M. Morrison ; μετάφραση: Στέργιος Ρεκούδης 
246 3 3 |a Εφαρμογές τουριστικού και ταξιδιωτικού μάρκετινγκ 
250 |a 2η έκδ. 
260 |a Αθήνα :   |b Έλλην,   |c c2001 
300 |a 636 σ.  |b εικ. 
490 1 |a Τουριστικό και ταξιδιωτικό μάρκετινγκ  |v ; 3 
504 |a Περιλαμβάνει βιβλιογραφία 
650 0 0 |a Hospitality industry  |x Marketing. 
650 0 0 |a Tourism  |x Marketing. 
700 1 |a Ρεκούδης, Στέργιος.  |4 trl 
830 0 |a Τουριστικό και ταξιδιωτικό μάρκετινγκ ;  |v ; 3 
852 |a INST  |b CHIOS  |e 20040308  |h 647.940688 MOR  |p 005200012741  |q 005200012741  |t BK  |y 0 
901 |a BIBL2-2004-1 
909 |a Χ  |b 107815 
970 |a ΒΑΣΙΛΑΚΗ  |b ΝΙΚΗ  |z 2004/03/08